| 000 | 00000nas 2200000zi 4500 |
| 001 | 9.869348 |
| 003 | CaOODSP |
| 005 | 20230710132527 |
| 006 | m o d f |
| 007 | cr cn||||||||| |
| 008 | 190306d20122014oncar p|o||||f0 a0fre| |
| 040 | |aCaOODSP|bfre|erda|cCaOODSP |
| 043 | |an-cn--- |
| 086 | 1 |aSB1-14F-PDF |
| 245 | 00|aMise en application de la Loi sur l'accès à l'information, rapport annuel ... / |cBibliothèque et archives Canada. |
| 264 | 1|aOttawa (Ontario) : |bBibliothèque et archives Canada = Library and Archives Canada, |c[2012]-[2014] |
| 310 | |aAnnuel |
| 336 | |atexte|btxt|2rdacontent/fre |
| 337 | |ainformatique|bc|2rdamedia/fre |
| 338 | |aressource en ligne|bcr|2rdacarrier/fre |
| 362 | 1 |aParaît depuis: 2011/2012; ne paraît plus après: 2013/2014. |
| 500 | |aPubl. aussi en anglais sous le titre : Administration of the Access to Information Act, annual report ... |
| 692 | 07|2gccst|aAccès à l'information |
| 692 | 07|2gccst|aServices gouvernementaux |
| 710 | 2 |aBibliothèque et archives Canada. |
| 775 | 08|tAdministration of the Access to Information Act, annual report ... / |w(CaOODSP)9.869345 |
| 785 | 00|tRapport annuel, Loi sur l'accès à l'information ... / |w(CaOODSP)9.869334 |